Catálogo
 En Linea

Los cursillos se renuevan. (Registro nro. 22879)

Detalles MARC
000 -CABECERA
campo de control de longitud fija 00566nam a2200169 a 4500
001 - NÚMERO DE CONTROL
campo de control 000023382
005 - FECHA Y HORA DE LA ÚLTIMA TRANSACCIÓN
campo de control 20200930022159.0
008 - DATOS DE LONGITUD FIJA--INFORMACIÓN GENERAL
campo de control de longitud fija 101206s1972 ve r 000 0 spa d
040 ## - FUENTE DE LA CATALOGACIÓN
Centro catalogador/agencia de origen DO-SdBNP
Lengua de catalogación spa
Centro/agencia transcriptor BNPHU
082 ## - NÚMERO DE LA CLASIFICACIÓN DECIMAL DEWEY
Número de clasificación xxxx
Número de documento/Ítem C977r
049 ## - FONDOS LOCALES (OCLC)
Fondos de biblioteca BNGR
111 1# - ENTRADA PRINCIPAL--NOMBRE DE CONGRESO/REUNIÓN
Nombre de congreso/reunión o jurisdicción como elemento de entrada Encuentro Latinoamericano de Itaci
Número del congreso/reunión o número de parte o sección III
Sede del congreso/Lugar de la reunión (Caracas, Venezuela)
9 (RLIN) 48162
245 14 - MENCIÓN DE TÍTULO
Título Los cursillos se renuevan.
260 ## - PUBLICACIÓN, DISTRIBUCIÓN, ETC.
Lugar de publicación, distribución, etc. Caracas, Venezuela :
Nombre del editor, distribuidor, etc. Oficina Nacional del movimiento de Cursillos de Cristiandad,
Fecha de publicación, distribución, etc. 1972.
300 ## - DESCRIPCIÓN FÍSICA
Extensión 364 p. ;
Dimensiones 19 cm.
500 ## - NOTA GENERAL
Nota general Incluye notas al pie de las páginas.
Existencias
Estado de retiro Estado de pérdida Restricciones de uso No para préstamo Código de colección Localización permanente Ubicación/localización actual Ubicación en estantería Fecha de adquisición Número de inventario Total de préstamos Signatura topográfica completa Código de barras Fecha visto por última vez Precio válido a partir de Tipo de ítem Koha
        Monografías: Libros y Folletos General General En catalogación 06.12.2010 LF1   xxxx C977r 23382-10 25.06.2020 25.06.2020 Préstamo en sala

Con tecnología Koha